| 000 | 00529 am a2200193 a 4500 | ||
|---|---|---|---|
| 001 | 152676 | ||
| 003 | OSt | ||
| 005 | 20220128105251.0 | ||
| 008 | 60304 ### | ||
| 020 | _a9780486485911 | ||
| 082 |
_a515.352 _bM95O |
||
| 100 | 1 | _aMurphy, George Moseley | |
| 245 | 1 |
_aOrdinary differential equations and their solutions _cby George Moseley Murphy |
|
| 260 |
_aNew York _bDover Publications _c2011 |
||
| 300 | _a451p. | ||
| 653 | _aMathematics | ||
| 653 | _aDifferential equations | ||
| 942 |
_2ddc _cBK |
||
| 999 |
_c15445 _d15445 |
||